[Event "WchT Blitz Final"]
[Site "London"]
[Date "2025.06.15"]
[Round "2.2"]
[White "Abdusattorov, Nodirbek"]
[Black "Nihal, Sarin"]
[Result "1-0"]
[WhiteElo "2767"]
[BlackElo "2696"]
[PlyCount "91"]
[EventDate "2025.06.15"]
[EventType "team-k.o. (blitz)"]
[EventRounds "4"]
[EventCountry "ENG"]
[SourceTitle "CB25_2025"]
[SourceDate "2025.06.18"]
[SourceVersion "1"]
[SourceVersionDate "2025.06.18"]
[SourceQuality "1"]
[WhiteTeam "Uzbekistan"]
[BlackTeam "Ashdod Elit CC"]
[WhiteTeamCountry "UZB"]
[BlackTeamCountry "ISR"]

1. d4 d5 2. c4 e6 3. Nf3 Nf6 4. g3 Bb4+ 5. Bd2 a5 6. Qc1 0-0 7. Bg2 Be7 8. 0-0 c6 9. Rd1 Nbd7 10. Bf4 b6 11. Nbd2 Ba6 12. Qc2 Nh5 13. Rac1 Rc8 14. Be3 f5 15. Qb3 Kh8 16. cxd5 exd5 17. Ne5 Nxe5 18. dxe5 Bxe2 19. Re1 Bb5 20. a4 d4 21. axb5 dxe3 22. Qxe3 f4 23. Qe2 fxg3 24. hxg3 Bb4 25. Red1 Qd4 26. Nf3 Qg4 27. bxc6 Bc5 28. Rxc5 bxc5 29. Rd6 Nxg3 30. fxg3 Qxg3 31. Qf2 Qf4 32. Qxc5 Rb8 33. c7 Rxb2 34. c8Q Rxg2+ 35. Kh1 Rg3 36. Qxf8+ Qxf8 37. Rd3 Qe8 38. Kh2 Rg4 39. e6 h6 40. Qf5 Rb4 41. Ne5 Qb8 42. Kh3 Rb5 43. e7 Rb3 44. Qf8+ Kh7 45. Qxb8 Rxb8 46. Rd8 1-0

[Event "WchT Blitz Final"]
[Site "London"]
[Date "2025.06.15"]
[Round "2.1"]
[White "Nihal, Sarin"]
[Black "Abdusattorov, Nodirbek"]
[Result "0-1"]
[WhiteElo "2696"]
[BlackElo "2767"]
[PlyCount "109"]
[EventDate "2025.06.15"]
[EventType "team-k.o. (blitz)"]
[EventRounds "4"]
[EventCountry "ENG"]
[SourceTitle "CB25_2025"]
[SourceDate "2025.06.18"]
[SourceVersion "1"]
[SourceVersionDate "2025.06.18"]
[SourceQuality "1"]
[WhiteTeam "Ashdod Elit CC"]
[BlackTeam "Uzbekistan"]
[WhiteTeamCountry "ISR"]
[BlackTeamCountry "UZB"]

1. e4 e5 2. Nf3 Nc6 3. Bc4 Nf6 4. d3 Bc5 5. 0-0 a6 6. c3 d6 7. a4 Ba7 8. Re1 0-0 9. h3 Be6 10. Nbd2 h6 11. a5 Re8 12. b3 d5 13. exd5 Nxd5 14. Qc2 Nf4 15. Ne4 Bxc4 16. dxc4 Qd3 17. Qd1 Qxd1 18. Rxd1 Ne2+ 19. Kf1 Nxc1 20. Rdxc1 f5 21. Ng3 e4 22. Ne1 Rad8 23. b4 g6 24. Rd1 Ne5 25. c5 c6 26. Ne2 Bb8 27. Nd4 Kf7 28. Nec2 Rd7 29. Ne2 Nd3 30. Ne1 Red8 31. Nxd3 Rxd3 32. Rxd3 Rxd3 33. Ke1 Be5 34. Rc1 Ke6 35. Rc2 Kd5 36. c4+ Ke6 37. b5 Ra3 38. bxa6 bxa6 39. f3 e3 40. f4 Bf6 41. Nc1 Rxa5 42. Ke2 Ra3 43. Nd3 Bd4 44. Nb4 Bxc5 45. Nxc6 g5 46. g3 gxf4 47. gxf4 a5 48. Ne5 a4 49. Nd3 Kd6 50. Rb2 Rb3 51. Ra2 a3 52. Ra1 Bd4 53. Ra2 Rb2+ 54. Nxb2 axb2 55. Ra6+ 0-1

[Event "WchT Blitz Pool A"]
[Site "London"]
[Date "2025.06.14"]
[Round "2.1"]
[White "Nepomniachtchi, Ian"]
[Black "Nihal, Sarin"]
[Result "1-0"]
[WhiteElo "2757"]
[BlackElo "2696"]
[PlyCount "79"]
[EventDate "2025.06.14"]
[EventType "team-tourn"]
[EventRounds "13"]
[EventCountry "ENG"]
[SourceTitle "CB25_2025"]
[SourceDate "2025.06.18"]
[SourceVersion "1"]
[SourceVersionDate "2025.06.18"]
[SourceQuality "1"]
[WhiteTeam "WR Chess"]
[BlackTeam "Ashdod Elit CC"]
[WhiteTeamCountry "GER"]
[BlackTeamCountry "ISR"]

1. e4 c5 2. Nf3 e6 3. d4 cxd4 4. Nxd4 a6 5. c4 Qc7 6. Nc3 b6 7. Be2 Bb7 8. 0-0 Nf6 9. Qd3 Nc6 10. Bg5 Nxd4 11. Qxd4 Bc5 12. Qd3 Qe5 13. Bxf6 gxf6 14. Rad1 Bc6 15. a3 a5 16. Kh1 Rg8 17. f4 Qc7 18. Bh5 a4 19. Rde1 0-0-0 20. Nb5 Qb8 21. Qc2 f5 22. Bf3 Qxf4 23. Na7+ Kb8 24. Nxc6+ dxc6 25. Qxa4 Rd2 26. Qxc6 Rc8 27. Qa4 Rxb2 28. e5 Qd4 29. Qa8+ Kc7 30. Qb7+ Kd8 31. Qxf7 Rc7 32. Qxe6 Re7 33. Qxf5 Kc7 34. Qf6 Rd2 35. Qc6+ Kd8 36. Qa8+ Kc7 37. Qb7+ Kd8 38. Qb8+ Kd7 39. e6+ Rxe6 40. Qb7+ 1-0

[Event "WchT Blitz Pool A"]
[Site "London"]
[Date "2025.06.14"]
[Round "10.1"]
[White "Nihal, Sarin"]
[Black "Hong, Andrew Z"]
[Result "0-1"]
[WhiteElo "2696"]
[BlackElo "2589"]
[PlyCount "84"]
[EventDate "2025.06.14"]
[EventType "team-tourn"]
[EventRounds "13"]
[EventCountry "ENG"]
[SourceTitle "CB25_2025"]
[SourceDate "2025.06.18"]
[SourceVersion "1"]
[SourceVersionDate "2025.06.18"]
[SourceQuality "1"]
[WhiteTeam "Ashdod Elit CC"]
[BlackTeam "FIDE MB Team"]
[WhiteTeamCountry "ISR"]

1. d4 Nf6 2. Nf3 d5 3. e3 c5 4. Be2 Nc6 5. 0-0 Bf5 6. dxc5 e6 7. a3 a5 8. Nd4 Bxc5 9. Nxf5 exf5 10. Nc3 0-0 11. Bf3 Ne7 12. b3 Bd6 13. Bb2 Be5 14. Qc1 Qc7 15. Nb5 Bxh2+ 16. Kh1 Qd7 17. Bxf6 gxf6 18. Kxh2 Qxb5 19. Qb2 Qb6 20. Rad1 Rfd8 21. g3 Rac8 22. Kg2 Kg7 23. Rh1 h6 24. Rh5 Rd6 25. Rd4 Qc5 26. c4 b5 27. b4 axb4 28. axb4 Qxc4 29. Rxc4 dxc4 30. Rh1 c3 31. Qb3 Rd2 32. Rc1 c2 33. e4 Ng6 34. Qe3 Rcd8 35. exf5 Ne5 36. Rh1 Kf8 37. Be4 Ng4 38. Qc5+ Kg7 39. Bxc2 Re8 40. Rf1 Ree2 41. Bd1 Ne3+ 42. Kh3 Nxd1 0-1

[Event "Niemann-Sarin Blitz"]
[Site "Endgame.AI INT"]
[Date "2025.06.08"]
[Round "6"]
[White "Niemann, Hans Moke"]
[Black "Nihal, Sarin"]
[Result "0-1"]
[WhiteElo "2736"]
[BlackElo "2693"]
[PlyCount "78"]
[EventDate "2025.06.08"]
[EventType "match (blitz)"]
[EventRounds "18"]
[EventCountry "USA"]
[SourceTitle "CB24_2025"]
[SourceDate "2025.06.11"]
[SourceVersion "1"]
[SourceVersionDate "2025.06.11"]
[SourceQuality "1"]

1. e4 c6 2. Nf3 d5 3. d3 g6 4. exd5 cxd5 5. d4 Nc6 6. Bd3 Bg7 7. c3 Bf5 8. 0-0 Nf6 9. Re1 0-0 10. h3 Bxd3 11. Qxd3 Rc8 12. Bf4 Qb6 13. Qe2 Ne4 14. Na3 Rfe8 15. Be3 a6 16. Rab1 Qa5 17. Qd3 e5 18. dxe5 Nxe5 19. Nxe5 Bxe5 20. Bd4 Bd6 21. Re3 Nc5 22. Qd1 Rxe3 23. Bxe3 Ne6 24. Bh6 Bc5 25. Qf3 Qb6 26. Nc2 d4 27. cxd4 Nxd4 28. Nxd4 Bxd4 29. Rd1 Qxb2 30. Kh1 Qxf2 31. Qxb7 Re8 32. Qb1 Qg3 33. Rf1 Be5 34. Kg1 Qh2+ 35. Kf2 Bd4+ 36. Kf3 Qe5 37. Qd3 Qh5+ 38. Kg3 Be5+ 39. Bf4 Qg5+ 0-1

[Event "Niemann-Sarin Blitz"]
[Site "Endgame.AI INT"]
[Date "2025.06.08"]
[Round "8"]
[White "Niemann, Hans Moke"]
[Black "Nihal, Sarin"]
[Result "1-0"]
[WhiteElo "2736"]
[BlackElo "2693"]
[PlyCount "93"]
[EventDate "2025.06.08"]
[EventType "match (blitz)"]
[EventRounds "18"]
[EventCountry "USA"]
[SourceTitle "CB24_2025"]
[SourceDate "2025.06.11"]
[SourceVersion "1"]
[SourceVersionDate "2025.06.11"]
[SourceQuality "1"]

1. e4 c6 2. Nf3 d5 3. d3 g6 4. exd5 cxd5 5. d4 Nc6 6. c3 Nf6 7. Bd3 Bf5 8. 0-0 e6 9. Re1 Bd6 10. a4 Qc7 11. Na3 a6 12. Nc2 h5 13. h3 Bxd3 14. Qxd3 Ne4 15. c4 Nb4 16. Nxb4 Bxb4 17. Re2 0-0 18. Ne5 Bd6 19. Bh6 Rfc8 20. cxd5 exd5 21. Bf4 f6 22. Qb3 fxe5 23. Qxd5+ Qf7 24. Qxf7+ Kxf7 25. dxe5 Bxe5 26. Bxe5 Nc5 27. Ra3 Re8 28. Rf3+ Kg8 29. Rf6 Re6 30. Rxe6 Nxe6 31. Bc3 Kf7 32. Re4 Rd8 33. Rb4 Rd7 34. Rb6 h4 35. Kh2 g5 36. g3 hxg3+ 37. Kxg3 Nf4 38. Rh6 Ne2+ 39. Kg4 Nxc3 40. Rh7+ Ke6 41. Rxd7 Kxd7 42. bxc3 a5 43. c4 Kc6 44. Kxg5 Kc5 45. h4 Kxc4 46. h5 b5 47. axb5 1-0

[Event "Niemann-Sarin Blitz"]
[Site "Endgame.AI INT"]
[Date "2025.06.08"]
[Round "3"]
[White "Nihal, Sarin"]
[Black "Niemann, Hans Moke"]
[Result "1/2-1/2"]
[WhiteElo "2693"]
[BlackElo "2736"]
[PlyCount "125"]
[EventDate "2025.06.08"]
[EventType "match (blitz)"]
[EventRounds "18"]
[EventCountry "USA"]
[SourceTitle "CB24_2025"]
[SourceDate "2025.06.11"]
[SourceVersion "1"]
[SourceVersionDate "2025.06.11"]
[SourceQuality "1"]

1. e4 e5 2. Nf3 Nc6 3. Bb5 a6 4. Ba4 Nf6 5. d3 d6 6. c3 g6 7. 0-0 Bg7 8. Re1 0-0 9. Nbd2 Re8 10. Nf1 h6 11. Ng3 b5 12. Bc2 d5 13. h3 dxe4 14. Nxe4 Nxe4 15. dxe4 Qxd1 16. Rxd1 Be6 17. Be3 Bf8 18. Nd2 Na5 19. Bd3 c5 20. Be2 c4 21. a4 Reb8 22. axb5 axb5 23. Kf1 Nc6 24. Rdb1 h5 25. h4 f6 26. g3 Kf7 27. Rxa8 Rxa8 28. b3 b4 29. Rc1 bxc3 30. Rxc3 Bb4 31. Rc1 c3 32. Nc4 Nd4 33. Nb6 Nxe2 34. Kxe2 Ra2+ 35. Kd3 Bxb3 36. Nd5 Bxd5 37. exd5 Ke7 38. Kc4 Ba5 39. Bc5+ Kd7 40. Be3 f5 41. Kb3 Rb2+ 42. Kc4 f4 43. gxf4 exf4 44. Bc5 f3 45. Bd4 Rb4+ 46. Kd3 Rb3 47. Kc4 Rb2 48. Bxc3 Bxc3 49. Rxc3 Rxf2 50. Kd4 Rf1 51. Ke3 Rh1 52. Rc4 Rh3 53. Kf2 Kd6 54. Rc6+ Kxd5 55. Rxg6 Ke4 56. Re6+ Kf4 57. Ra6 Rh2+ 58. Kf1 Rb2 59. Ra8 Kg3 60. Rg8+ Kxh4 61. Rg7 Kh3 62. Rg8 h4 63. Rg7 1/2-1/2

[Event "Niemann-Sarin Blitz"]
[Site "Endgame.AI INT"]
[Date "2025.06.08"]
[Round "9"]
[White "Nihal, Sarin"]
[Black "Niemann, Hans Moke"]
[Result "1-0"]
[WhiteElo "2693"]
[BlackElo "2736"]
[PlyCount "89"]
[EventDate "2025.06.08"]
[EventType "match (blitz)"]
[EventRounds "18"]
[EventCountry "USA"]
[SourceTitle "CB24_2025"]
[SourceDate "2025.06.11"]
[SourceVersion "1"]
[SourceVersionDate "2025.06.11"]
[SourceQuality "1"]

1. Nf3 d5 2. e3 Nf6 3. b3 g6 4. Bb2 Bg7 5. c4 dxc4 6. Bxc4 0-0 7. 0-0 b6 8. d4 Bb7 9. Nbd2 Nbd7 10. Qe2 Ne4 11. Rac1 Nxd2 12. Nxd2 c5 13. Nf3 Bxf3 14. Qxf3 cxd4 15. exd4 Nf6 16. Rfe1 Rc8 17. Ba3 Rc7 18. Qf4 Rd7 19. Qe3 Qb8 20. Bxe7 Ng4 21. Qh3 Qf4 22. Qg3 Qxg3 23. hxg3 Bxd4 24. Bxf8 Bxf2+ 25. Kf1 Bxe1 26. Bb5 Rd8 27. Be7 Bd2 28. Bxd8 Bxc1 29. Ke2 Bb2 30. Kd3 Be5 31. Ke4 f5+ 32. Kd5 Bxg3 33. Kc6 Ne3 34. Kb7 Nxg2 35. Kxa7 h5 36. Bc6 Ne1 37. Bxb6 f4 38. a4 f3 39. a5 f2 40. Bb5 h4 41. Bf1 Nc2 42. Kb7 Nb4 43. Bc5 Nd5 44. a6 Kh7 45. a7 1-0

[Event "Dubai op-A 25th"]
[Site "Dubai"]
[Date "2025.06.04"]
[Round "9"]
[White "Gorshtein, Ido"]
[Black "Nihal, Sarin"]
[Result "1/2-1/2"]
[WhiteElo "2560"]
[BlackElo "2693"]
[PlyCount "123"]
[EventDate "2025.05.27"]
[EventType "swiss"]
[EventRounds "9"]
[EventCountry "UAE"]
[SourceTitle "CB23_2025"]
[SourceDate "2025.06.04"]
[SourceVersion "1"]
[SourceVersionDate "2025.06.04"]
[SourceQuality "1"]

1. d4 Nf6 2. c4 e6 3. Nf3 d5 4. Nc3 Bb4 5. e3 0-0 6. a3 Bd6 7. Qc2 h6 8. Bd2 Nc6 9. h3 dxc4 10. Bxc4 e5 11. dxe5 Nxe5 12. Nxe5 Bxe5 13. f4 Bxc3 14. Bxc3 Qe7 15. 0-0 Qxe3+ 16. Kh2 Qe4 17. Bd3 Qc6 18. Rf3 Re8 19. Raf1 Be6 20. Rg3 Nh5 21. Rff3 Kh8 22. f5 Bd5 23. Rxg7 Bxf3 24. Rg6+ f6 25. Qd2 Qd6+ 26. g3 Re7 27. Qxh6+ Rh7 28. Qe3 Bc6 29. Qg5 Rf8 30. Bc4 Bd5 31. Rh6 Rxh6 32. Qxh6+ Kg8 33. Qxh5 Rf7 34. Qg6+ Kf8 35. Bb5 c5 36. Qh6+ Ke7 37. Qe3+ Kd8 38. Qe8+ Kc7 39. Ba5+ b6 40. Bd2 Kb7 41. Bf4 Qf8 42. Qe2 Qe7 43. Ba6+ Ka8 44. Qxe7 Rxe7 45. g4 c4 46. Kg3 Re2 47. h4 Rxb2 48. h5 Rb3+ 49. Kh4 Rb1 50. h6 Rh1+ 51. Kg3 c3 52. Bd3 Kb7 53. g5 fxg5 54. Bxg5 Kc7 55. f6 Rg1+ 56. Kf4 Kd6 57. h7 Rh1 58. Kg3 Rh5 59. f7 Bxf7 60. Bf6 Bc4 61. Bc2 Bb3 62. h8Q 1/2-1/2

[Event "Dubai op-A 25th"]
[Site "Dubai"]
[Date "2025.05.27"]
[Round "1"]
[White "Borgaonkar, Akshay"]
[Black "Nihal, Sarin"]
[Result "0-1"]
[WhiteElo "2453"]
[BlackElo "2693"]
[PlyCount "78"]
[EventDate "2025.05.27"]
[EventType "swiss"]
[EventRounds "9"]
[EventCountry "UAE"]
[SourceTitle "CB23_2025"]
[SourceDate "2025.06.04"]
[SourceVersion "1"]
[SourceVersionDate "2025.06.04"]
[SourceQuality "1"]

1. e4 d5 2. exd5 Qxd5 3. Nc3 Qd6 4. d4 Nf6 5. Nf3 a6 6. g3 b5 7. Bg2 Bb7 8. 0-0 e6 9. Re1 Be7 10. Bf4 Qb6 11. a4 0-0 12. a5 Qa7 13. Bxc7 Nbd7 14. Bf4 Rac8 15. Qe2 Bb4 16. Bd2 Bxc3 17. Bxc3 Nd5 18. Qd3 Nxc3 19. bxc3 Rc7 20. Ne5 Bxg2 21. Nxd7 Rxd7 22. Kxg2 Rc8 23. Re3 Qb7+ 24. Kg1 h6 25. Qd2 Rc4 26. Rd3 Rd5 27. Qf4 Qc6 28. Rf3 Rd7 29. Ra3 Ra4 30. Rxa4 bxa4 31. d5 Rxd5 32. Qxf7+ Kh7 33. Qf8 Rd6 34. h4 a3 35. Kh2 Rd1 36. g4 a2 37. g5 Qd6+ 38. Qxd6 Rxd6 39. g6+ Kg8 0-1

[Event "Chess.com Classic Play In"]
[Site "Chess.com INT"]
[Date "2025.05.19"]
[Round "1"]
[White "Nihal, Sarin"]
[Black "Dreev, Alexey"]
[Result "1-0"]
[WhiteElo "2693"]
[BlackElo "2590"]
[PlyCount "151"]
[EventDate "2025.05.19"]
[EventType "swiss (blitz)"]
[EventRounds "9"]
[EventCountry "USA"]
[SourceTitle "CB21_2025"]
[SourceDate "2025.05.21"]
[SourceVersion "1"]
[SourceVersionDate "2025.05.21"]
[SourceQuality "1"]

1. d4 d5 2. Nf3 Nf6 3. c3 e6 4. Bg5 h6 5. Bh4 Nbd7 6. Nbd2 b6 7. e3 Bd6 8. Bd3 Bb7 9. Qe2 c5 10. 0-0-0 Qc7 11. Kb1 Ne4 12. Bg3 Nxg3 13. hxg3 Nf6 14. e4 dxe4 15. Nxe4 Bxe4 16. Bxe4 Rd8 17. d5 e5 18. Bc2 Kf8 19. Rhe1 Re8 20. Nd2 g6 21. Qb5 Kg7 22. Nc4 Re7 23. Qc6 Qxc6 24. dxc6 Bc7 25. a4 a6 26. Ne3 Re6 27. Bd3 Ra8 28. Bc4 Rxc6 29. Nd5 e4 30. Nxf6 Rxf6 31. Rd7 b5 32. axb5 axb5 33. Bxb5 Rb8 34. Bc4 Be5 35. Kc1 Rxf2 36. Rxe4 Bxg3 37. Re2 Rxe2 38. Rxf7+ Kh8 39. Bxe2 Rb6 40. Kc2 h5 41. Bf3 Kg8 42. Bd5 Kh8 43. b3 Be5 44. Kd3 Rf6 45. Rb7 Bg3 46. Kc4 Bf2 47. Be4 Kg8 48. Kd5 Be1 49. Kc4 Bf2 50. Rd7 Kf8 51. Rd2 Be3 52. Re2 Bg1 53. Bf3 Kg7 54. Re7+ Kh6 55. Re1 Bf2 56. Re2 Bg1 57. Re8 Kg5 58. b4 cxb4 59. cxb4 Rf4+ 60. Kb3 Kh4 61. Re1 Bf2 62. Rh1+ Kg5 63. Rd1 Kh4 64. Rh1+ Kg5 65. Rf1 Be3 66. b5 Bd2 67. Rd1 Be3 68. Rd3 Bf2 69. Rd2 Be3 70. Rd6 Bf2 71. b6 Bxb6 72. Rxb6 Rd4 73. Kc3 Rd8 74. Be4 Rg8 75. Kd4 Kf4 76. Rf6+ 1-0

[Event "Chess.com Classic Play In"]
[Site "Chess.com INT"]
[Date "2025.05.19"]
[Round "5"]
[White "Nihal, Sarin"]
[Black "Sarana, Alexey"]
[Result "1-0"]
[WhiteElo "2693"]
[BlackElo "2686"]
[PlyCount "51"]
[EventDate "2025.05.19"]
[EventType "swiss (blitz)"]
[EventRounds "9"]
[EventCountry "USA"]
[SourceTitle "CB21_2025"]
[SourceDate "2025.05.21"]
[SourceVersion "1"]
[SourceVersionDate "2025.05.21"]
[SourceQuality "1"]

1. d4 Nf6 2. Nf3 d5 3. c3 e6 4. Bg5 c5 5. e3 Nbd7 6. Nbd2 b6 7. Bb5 Bd6 8. e4 Be7 9. Bc6 Rb8 10. Bf4 Bb7 11. exd5 exd5 12. Bxd7+ Nxd7 13. Bxb8 Qxb8 14. Qa4 a6 15. dxc5 b5 16. Qg4 Nf6 17. Qg3 Qxg3 18. hxg3 Bxc5 19. Nb3 Bb6 20. Nfd4 0-0 21. f3 Nd7 22. 0-0-0 Rc8 23. Nf5 Rd8 24. Ne7+ Kh8 25. Rxh7+ Kxh7 26. Rh1# 1-0

[Event "Asia-ch"]
[Site "Al Ain"]
[Date "2025.05.15"]
[Round "9"]
[White "Nihal, Sarin"]
[Black "Daneshvar, Bardiya"]
[Result "1-0"]
[WhiteElo "2693"]
[BlackElo "2621"]
[PlyCount "67"]
[EventDate "2025.05.07"]
[EventType "swiss"]
[EventRounds "9"]
[EventCountry "UAE"]
[SourceTitle "CB21_2025"]
[SourceDate "2025.05.21"]
[SourceVersion "1"]
[SourceVersionDate "2025.05.21"]
[SourceQuality "1"]

1. d4 Nf6 2. Nf3 g6 3. Nc3 d5 4. Bf4 Bg7 5. Nb5 Na6 6. e3 0-0 7. Be2 Bg4 8. 0-0 c6 9. Na3 Qb6 10. Rb1 c5 11. h3 Bf5 12. Nh4 Bd7 13. c3 Nb8 14. Nf3 Bf5 15. dxc5 Qxc5 16. Rc1 Nbd7 17. Nb5 Be4 18. b4 Qc8 19. c4 dxc4 20. Bxc4 Qd8 21. Bc7 Qe8 22. Bh2 Qd8 23. Qb3 Bxf3 24. gxf3 e5 25. Nd6 Qe7 26. Rfd1 Rab8 27. Bxf7+ Rxf7 28. Rc7 Rbf8 29. Rxb7 a6 30. Ra7 Kh8 31. Bxe5 Qxe5 32. Nxf7+ Rxf7 33. Qxf7 Qg5+ 34. Kh1 1-0

[Event "Asia-ch"]
[Site "Al Ain"]
[Date "2025.05.13"]
[Round "7"]
[White "Nihal, Sarin"]
[Black "Jumabayev, Rinat"]
[Result "1-0"]
[WhiteElo "2693"]
[BlackElo "2551"]
[PlyCount "81"]
[EventDate "2025.05.07"]
[EventType "swiss"]
[EventRounds "9"]
[EventCountry "UAE"]
[SourceTitle "CB21_2025"]
[SourceDate "2025.05.21"]
[SourceVersion "1"]
[SourceVersionDate "2025.05.21"]
[SourceQuality "1"]

1. e4 e5 2. Nf3 Nc6 3. Bc4 Nf6 4. d3 Bc5 5. 0-0 0-0 6. h3 h6 7. c3 d6 8. Re1 a5 9. Nbd2 Be6 10. Bb5 Ba7 11. Nf1 Ne7 12. d4 Ng6 13. Ng3 c6 14. Bd3 a4 15. Be3 b5 16. Qc2 Re8 17. b4 Qc7 18. Rac1 Rac8 19. a3 Qb8 20. Qd2 Rc7 21. dxe5 dxe5 22. c4 Bxe3 23. Rxe3 Rd8 24. Qb2 Rcd7 25. Bf1 Rd1 26. cxb5 cxb5 27. Re1 Rxe1 28. Rxe1 Rc8 29. Rc1 Rxc1 30. Qxc1 Qb6 31. Qc3 h5 32. Ng5 h4 33. Nf5 Nxe4 34. Nxe4 Bxf5 35. Qc5 Qe6 36. Nd6 Nf4 37. Nxf5 Qxf5 38. Qxb5 Qg6 39. Qd7 f5 40. Qd8+ Kh7 41. Qxh4+ 1-0

[Event "Asia-ch"]
[Site "Al Ain"]
[Date "2025.05.12"]
[Round "6"]
[White "Meng, Yihan"]
[Black "Nihal, Sarin"]
[Result "0-1"]
[WhiteElo "2443"]
[BlackElo "2693"]
[PlyCount "76"]
[EventDate "2025.05.07"]
[EventType "swiss"]
[EventRounds "9"]
[EventCountry "UAE"]
[SourceTitle "CB21_2025"]
[SourceDate "2025.05.21"]
[SourceVersion "1"]
[SourceVersionDate "2025.05.21"]
[SourceQuality "1"]

1. e4 a6 2. d4 e6 3. Nf3 d5 4. Nc3 Nf6 5. e5 Nfd7 6. Ne2 c5 7. c3 Nc6 8. a3 Be7 9. Nf4 Qb6 10. h4 a5 11. Rh3 cxd4 12. cxd4 a4 13. Be2 g6 14. Rg3 Qd8 15. Ng5 Bxg5 16. hxg5 Nb6 17. Kf1 Bd7 18. Rh3 Na5 19. Bd3 Nb3 20. Nxg6 fxg6 21. Bxg6+ Ke7 22. Bd3 Bc6 23. g6 Kd7 24. Qf3 hxg6 25. Rxh8 Qxh8 26. Qf7+ Kc8 27. Rb1 Nxc1 28. Rxc1 Qh1+ 29. Ke2 Qxc1 30. Qf8+ Be8 31. Qxe8+ Kc7 32. Qe7+ Kb8 33. Qb4 Nc4 34. Qf8+ Ka7 35. Qc5+ b6 36. Qe7+ Ka6 37. Qb4 b5 38. Kf3 Qd1+ 0-1

[Event "Asia-ch"]
[Site "Al Ain"]
[Date "2025.05.08"]
[Round "2"]
[White "Nihal, Sarin"]
[Black "Matinian, Nikita"]
[Result "1-0"]
[WhiteElo "2693"]
[BlackElo "2420"]
[PlyCount "73"]
[EventDate "2025.05.07"]
[EventType "swiss"]
[EventRounds "9"]
[EventCountry "UAE"]
[SourceTitle "CB21_2025"]
[SourceDate "2025.05.21"]
[SourceVersion "1"]
[SourceVersionDate "2025.05.21"]
[SourceQuality "1"]

1. d4 Nf6 2. c4 g6 3. Nc3 Bg7 4. e4 d6 5. f4 0-0 6. Nf3 c5 7. d5 e6 8. Be2 exd5 9. cxd5 Bg4 10. 0-0 Nbd7 11. h3 Bxf3 12. Bxf3 Re8 13. g4 h6 14. g5 hxg5 15. e5 Nxe5 16. fxe5 Rxe5 17. Qc2 c4 18. Qg2 b5 19. Bxg5 b4 20. Ne2 Qb6+ 21. Kh1 Rae8 22. Rad1 Ne4 23. Bxe4 Rxe4 24. Ng3 R4e5 25. Nh5 Re2 26. Qf3 f5 27. Nxg7 Kxg7 28. Qg3 R8e4 29. Bf4 Qd8 30. Rd2 Rxd2 31. Bxd2 a5 32. Bg5 Qe8 33. Qxd6 Re1 34. Kg1 c3 35. bxc3 bxc3 36. Qc7+ Kg8 37. Qxc3 1-0

[Event "Menorca op-A 4th"]
[Site "Ciutadella"]
[Date "2025.04.23"]
[Round "3"]
[White "Nihal, Sarin"]
[Black "Zhalmakhanov, Ramazan"]
[Result "1-0"]
[WhiteElo "2687"]
[BlackElo "2462"]
[PlyCount "51"]
[EventDate "2025.04.22"]
[EventType "swiss"]
[EventRounds "9"]
[EventCountry "ESP"]
[SourceTitle "CB18_2025"]
[SourceDate "2025.04.30"]
[SourceVersion "1"]
[SourceVersionDate "2025.04.30"]
[SourceQuality "1"]

1. c4 e6 2. g3 d5 3. Bg2 Nf6 4. Nf3 Be7 5. 0-0 0-0 6. d3 b6 7. cxd5 exd5 8. Nc3 Bb7 9. d4 c5 10. Bf4 Na6 11. Rc1 Re8 12. Ne5 Nc7 13. dxc5 bxc5 14. Nc4 Rb8 15. Bxc7 Qxc7 16. Nxd5 Bxd5 17. Bxd5 Red8 18. e4 Nxe4 19. Qh5 g6 20. Bxf7+ Kxf7 21. Qxh7+ Kf8 22. Rce1 Rd4 23. f3 Nf6 24. Qh6+ Ke8 25. Ne5 Nd7 26. Nxg6 1-0

[Event "Menorca op-A 4th"]
[Site "Ciutadella"]
[Date "2025.04.23"]
[Round "2"]
[White "Nurgaliyev, Sauat"]
[Black "Nihal, Sarin"]
[Result "0-1"]
[WhiteElo "2387"]
[BlackElo "2687"]
[PlyCount "94"]
[EventDate "2025.04.22"]
[EventType "swiss"]
[EventRounds "9"]
[EventCountry "ESP"]
[SourceTitle "CB18_2025"]
[SourceDate "2025.04.30"]
[SourceVersion "1"]
[SourceVersionDate "2025.04.30"]
[SourceQuality "1"]

1. e4 Nc6 2. Nc3 Nf6 3. d4 d5 4. e5 Nd7 5. Nxd5 Ndb8 6. Ne3 Qxd4 7. Qxd4 Nxd4 8. c3 Ne6 9. g3 Bd7 10. f4 g5 11. Ne2 Nc6 12. b4 gxf4 13. gxf4 Rg8 14. Kf2 a5 15. Bd2 0-0-0 16. Bg2 axb4 17. cxb4 Bh6 18. Nd5 Rxg2+ 19. Kxg2 Be8 20. Nec3 Nxb4 21. Nxe7+ Kb8 22. Rhd1 Bf8 23. Nf5 Bc6+ 24. Kf1 Rd3 25. Nh4 Be7 26. f5 Bxh4 27. fxe6 fxe6 28. Rac1 Rh3 29. Be1 Bxe1 30. Rd8+ Ka7 31. Kxe1 Nd3+ 32. Rxd3 Rxd3 33. Ne2 Rd5 34. Kf2 Kb8 35. Rg1 Rxe5 36. Rg8+ Ka7 37. Rg7 Rh5 38. Kg3 Kb6 39. Nf4 Rh6 40. Re7 Bd5 41. h4 Bxa2 42. Kg4 e5 43. Rxe5 Rd6 44. Re7 h6 45. Kh5 Rf6 46. Ne2 Bd5 47. Nd4 c5 0-1

[Event "Titled Tuesday intern op 01st Apr Early"]
[Site "Chess.com INT"]
[Date "2025.04.01"]
[Round "10"]
[White "Dardha, Daniel"]
[Black "Nihal, Sarin"]
[Result "1-0"]
[WhiteElo "2665"]
[BlackElo "2687"]
[PlyCount "173"]
[EventDate "2025.04.01"]
[EventType "swiss (blitz)"]
[EventRounds "11"]
[EventCountry "USA"]
[SourceTitle "CB15_2025"]
[SourceDate "2025.04.09"]
[SourceVersion "1"]
[SourceVersionDate "2025.04.09"]
[SourceQuality "1"]

1. d4 Nf6 2. Bg5 d5 3. e3 c6 4. Bd3 Bg4 5. f3 Bh5 6. Ne2 Nbd7 7. Nf4 Bg6 8. Nxg6 hxg6 9. Nc3 e5 10. Qe2 Bb4 11. 0-0 Qc7 12. dxe5 Nxe5 13. f4 Nxd3 14. cxd3 0-0-0 15. Rac1 Kb8 16. a3 Bxc3 17. bxc3 Rde8 18. Rb1 d4 19. Bxf6 gxf6 20. cxd4 Rh5 21. e4 Ra5 22. Rb4 Rxa3 23. Rfb1 b6 24. Qe3 Ra5 25. Rc4 Qd7 26. Rbc1 Re6 27. Qg3 f5 28. h4 Kb7 29. d5 cxd5 30. Rc7+ Qxc7 31. Rxc7+ Kxc7 32. exf5 gxf5 33. Qg7 Kd6 34. h5 Re1+ 35. Kf2 Raa1 36. h6 Rf1+ 37. Kg3 Rad1 38. h7 Rxd3+ 39. Kh2 Rdd1 40. h8Q Rh1+ 41. Kg3 Rxh8 42. Qxh8 Rd3+ 43. Kf2 a5 44. Qe5+ Kc5 45. Qxf5 Rc3 46. Qxf7 b5 47. f5 a4 48. f6 a3 49. Qa7+ Kb4 50. f7 Rc8 51. Qe7+ Kb3 52. f8Q Rxf8+ 53. Qxf8 b4 54. Qf6 Ka2 55. Qd4 b3 56. Qxd5 Kb2 57. Qd2+ Kb1 58. Qc3 Ka2 59. Qc4 Kb2 60. Qd4+ Ka2 61. Qd5 Kb2 62. Qd2+ Kb1 63. g4 a2 64. Qc3 a1Q 65. Qxb3+ Kc1 66. Qe3+ Kc2 67. Qe4+ Kb3 68. Kg3 Qg1+ 69. Kf4 Qh2+ 70. Kf3 Qh1+ 71. Ke3 Qe1+ 72. Kd4 Qb4+ 73. Ke5 Qe7+ 74. Kf4 Qc7+ 75. Qe5 Qf7+ 76. Kg5 Ka2 77. Qf5 Qg7+ 78. Kf4 Qc7+ 79. Qe5 Qf7+ 80. Ke4 Qg6+ 81. Kf3 Qf7+ 82. Kg3 Qf1 83. g5 Qg1+ 84. Kh4 Qh1+ 85. Kg4 Qd1+ 86. Kf5 Qd7+ 87. Qe6+ 1-0